[Event "C.to Provinciale TO"]
[Site "Torino ITA"]
[Date "2012.03.13"]
[Round "4"]
[White "Zanatta, Aldo"]
[Black "Ravazzolo, Gildo"]
[WhiteElo "1650"]
[BlackElo "1702"]
[Result "1/2-1/2"]
[PlyCount "89"]
[EventDate "2012.02.21"]

1. d4 Nf6 2. c4 g6 3. Nc3 Bg7 4. Nf3 O-O 5. e4 d6 6. Be2 e5 7. O-O Nc6 8. d5
Ne7 9. Nd2 a5 10. a3 Nd7 11. Rb1 f5 12. b4 axb4 13. axb4 f4 14. f3 g5 15. Nb3
Rf6 16. Bd2 Rh6 17. Ra1 Rxa1 18. Qxa1 Qe8 19. Rf2 Nf6 20. Qa5 Qh5 21. h3 Bxh3
22. Kf1 Bd7 23. Ke1 Qh1+ 24. Bf1 g4 25. Qxc7 g3 26. Re2 Qg1 27. Bc1 Rh1 28. Nd2
Qd4 29. Bb2 h5 30. Qxd6 Kf7 31. Nd1 Qa7 32. Bxe5 Ba4 33. Qc5 b6 34. Qc7 Qa8 35.
d6 Ne8 36. Qxe7+ Kg8 37. d7 Bxd7 38. Bxg7 Nxg7 39. Qxd7 h4 40. Qd5+ Qxd5 41.
cxd5 Kf7 42. Nc4 Ke7 43. e5 Nf5 44. Rd2 b5 45. Na3 1/2-1/2

[Event "C.to Provinciale TO"]
[Site "Torino ITA"]
[Date "2012.03.20"]
[Round "5"]
[White "Barbonese, Roberto"]
[Black "Marvin, Elio"]
[WhiteElo "1302"]
[BlackElo "1688"]
[Result "1/2-1/2"]
[PlyCount "75"]
[EventDate "2012.02.21"]

1. e4 e5 2. Nf3 d6 3. g3 Nf6 4. d3 c5 5. c4 Be7 6. Bg2 h6 7. O-O O-O 8. b3 Nc6
9. a3 a5 10. Bb2 Re8 11. Re1 g5 12. Qd2 Bf8 13. Nc3 Bg7 14. b4 axb4 15. axb4
Rxa1 16. Rxa1 Nxb4 17. Ra8 Na6 18. Nb5 Nc7 19. Rxc8 Qxc8 20. Nxd6 Qe6 21. Bxe5
Nxe4 22. dxe4 Bxe5 23. Nxe8 Nxe8 24. Nxe5 Qxe5 25. Qd5 Qxd5 26. cxd5 Nd6 27.
Bf1 g4 28. f3 gxf3 29. Kf2 Kg7 30. Kxf3 Kf6 31. Kf4 Ke7 32. Ke3 f5 33. Kd3 Kf6
34. Bg2 Ke5 35. Bf3 b6 36. h3 Kf6 37. Be2 Ke5 38. Ke3 1/2-1/2

[Event "C.to Provinciale TO"]
[Site "Torino ITA"]
[Date "2012.03.20"]
[Round "5"]
[White "Baruffa, Marino"]
[Black "Manni, Stefano"]
[WhiteElo "1918"]
[BlackElo "2034"]
[Result "0-1"]
[PlyCount "92"]
[EventDate "2012.02.21"]

1. e4 d5 2. exd5 Qxd5 3. Nc3 Qd6 4. d4 Nf6 5. Nf3 c6 6. Bd3 Bg4 7. Be3 e6 8. h3
Bh5 9. Be2 Nbd7 10. Qd2 Be7 11. Bf4 Qb4 12. Rb1 O-O 13. Bc7 Nb6 14. a3 Qa5 15.
Ne4 Qd5 16. Ng3 Bg6 17. Bxb6 axb6 18. c4 Qd6 19. Rd1 Ne4 20. Nxe4 Bxe4 21. Qe3
Bg6 22. O-O Rfd8 23. Rfe1 Bf6 24. Ne5 Bc2 25. Rd2 Bxe5 26. Rxc2 Bxd4 27. Qe4
Ra5 28. Rd1 Rf5 29. Bd3 g6 30. Rcd2 Rf4 31. Qe1 Qc5 32. b4 Qh5 33. Be2 Qg5 34.
Kh1 Qf6 35. Bf1 Ra8 36. f3 Bc3 37. Qe3 Bxd2 38. Rxd2 Qg5 39. Rd4 Rf5 40. f4 Qf6
41. Bd3 e5 42. Re4 Rxf4 43. Rxe5 Rxa3 44. Re8+ Kg7 45. Rc8 Rf1+ 46. Bxf1 Rxe3
0-1

[Event "C.to Provinciale TO"]
[Site "Torino ITA"]
[Date "2012.03.20"]
[Round "5"]
[White "Benenati, Gianfranco"]
[Black "Malano, Francesco"]
[WhiteElo "1847"]
[BlackElo "1952"]
[Result "0-1"]
[PlyCount "126"]
[EventDate "2012.02.21"]

1. e4 c5 2. Nf3 Nc6 3. Bc4 g6 4. d4 cxd4 5. Nxd4 Bg7 6. Be3 Nf6 7. Nc3 Qa5 8.
Nb3 Qb4 9. Bd3 Nxe4 10. Bxe4 Bxc3+ 11. bxc3 Qxe4 12. O-O O-O 13. Re1 Qc4 14.
Bh6 Re8 15. Qf3 f5 16. Qe3 d6 17. Nd2 Qf7 18. Nf3 Bd7 19. Rab1 b6 20. Ng5 Qf6
21. Qd3 Ne5 22. Qd5+ Kh8 23. Rxe5 dxe5 24. Qxd7 Red8 25. Qe6 Qxe6 26. Nxe6 Rd6
27. Ng5 Kg8 28. Nf3 Rad8 29. Kf1 Rd1+ 30. Rxd1 Rxd1+ 31. Ke2 Ra1 32. Nxe5 Rxa2
33. Kd3 e6 34. Be3 Kf8 35. c4 Ke7 36. c5 bxc5 37. Bxc5+ Kf6 38. Bd4 Kg5 39. c4
Ra3+ 40. Bc3 Kf6 41. Nd7+ Ke7 42. Ne5 Kd6 43. Nf3 e5 44. Kc2 Ra2+ 45. Bb2 e4
46. Nd2 Kc5 47. Kb3 Rxb2+ 48. Kxb2 Kd4 49. Kc2 f4 50. Kb3 a5 51. c5 e3 52.
fxe3+ fxe3 53. Nf3+ Kxc5 54. Ka4 e2 55. Kxa5 g5 56. h3 h5 57. Ne1 g4 58. hxg4
hxg4 59. g3 Kc4 60. Kb6 Kc3 61. Kc5 Kd2 62. Ng2 e1=Q 63. Nxe1 Kxe1 0-1

[Event "C.to Provinciale TO"]
[Site "Torino ITA"]
[Date "2012.03.20"]
[Round "5"]
[White "Blundo, Michele"]
[Black "Bosetti, Roberto"]
[WhiteElo "1685"]
[BlackElo "1874"]
[Result "1/2-1/2"]
[PlyCount "67"]
[EventDate "2012.02.21"]

1. d4 Nf6 2. c4 g6 3. Nc3 d5 4. cxd5 Nxd5 5. e4 Nxc3 6. bxc3 Bg7 7. Be3 O-O 8.
Bc4 c5 9. Ne2 Qa5 10. Qd2 cxd4 11. cxd4 Nc6 12. Rd1 Rd8 13. O-O Qxd2 14. Rxd2
Na5 15. Bd3 b6 16. Rc1 Bb7 17. d5 Rac8 18. Rdc2 Rxc2 19. Rxc2 e6 20. Nf4 Be5
21. h4 exd5 22. Nxd5 Bxd5 23. exd5 Rxd5 24. Be2 Kg7 25. h5 gxh5 26. Bxh5 Rb5
27. Kf1 Nb7 28. Bf3 Nc5 29. Ke2 Ne6 30. Bc6 Ra5 31. g3 Bd4 32. Bd2 Rc5 33. Rxc5
Nxc5 34. Be3 1/2-1/2

[Event "C.to Provinciale TO"]
[Site "Torino ITA"]
[Date "2012.03.20"]
[Round "5"]
[White "Capuzzimati, Fausto"]
[Black "Tondo, Stefano"]
[WhiteElo "1486"]
[BlackElo "1752"]
[Result "0-1"]
[PlyCount "52"]
[EventDate "2012.02.21"]

1. e4 d5 2. exd5 Qxd5 3. d3 Nf6 4. Nc3 Qd6 5. h3 g6 6. Nf3 c6 7. Be3 Bg7 8. Qd2
e5 9. Be2 Nbd7 10. O-O O-O 11. Bh6 Re8 12. Bxg7 Kxg7 13. Rad1 Nd5 14. Ne4 Qe7
15. Nh2 f5 16. Nc3 Nf4 17. Rfe1 Qg5 18. Bf3 Nxh3+ 19. Kh1 Qxd2 20. Rxd2 Ng5 21.
Ne2 Nf6 22. Ng3 Bd7 23. b3 Re7 24. Rde2 Rae8 25. Kg1 e4 26. dxe4 fxe4 0-1

[Event "C.to Provinciale TO"]
[Site "Torino ITA"]
[Date "2012.03.20"]
[Round "5"]
[White "Castaldo, Folco"]
[Black "Di Chiara, Mauro"]
[WhiteElo "2417"]
[BlackElo "2008"]
[Result "1-0"]
[PlyCount "31"]
[EventDate "2012.02.21"]

1. e4 d6 2. Bc4 g6 3. d3 Bg7 4. f4 c5 5. Nf3 Nc6 6. O-O e6 7. Nc3 Nge7 8. Qe1
O-O 9. f5 Nd4 10. Nxd4 Bxd4+ 11. Kh1 exf5 12. Bg5 Be6 13. exf5 Bxc4 14. Bxe7
Re8 15. Bxd8 Rxe1 16. Raxe1 1-0

[Event "C.to Provinciale TO"]
[Site "Torino ITA"]
[Date "2012.03.20"]
[Round "5"]
[White "Gussone, Claudio"]
[Black "Zanatta, Aldo"]
[WhiteElo "1744"]
[BlackElo "1650"]
[Result "1-0"]
[PlyCount "121"]
[EventDate "2012.02.21"]

1. Nf3 Nf6 2. g3 d5 3. Bg2 e6 4. O-O Be7 5. c4 c6 6. cxd5 cxd5 7. d4 O-O 8. Nc3
Nc6 9. Bf4 Nh5 10. Bd2 Nf6 11. Rc1 Bd7 12. e3 Rc8 13. Qe2 a6 14. b3 Ba3 15. Rb1
Qe7 16. Bc1 Bb4 17. Bb2 Na7 18. Rfc1 Nb5 19. Nxb5 Bxb5 20. Qd1 Rfd8 21. Ne5 Ne4
22. Rxc8 Rxc8 23. Rc1 Nc3 24. Bxc3 Rxc3 25. Rxc3 Bxc3 26. Bf1 Bxf1 27. Kxf1 f6
28. Nd3 b5 29. Nc5 a5 30. Qd3 b4 31. Qa6 Kf7 32. Qxa5 e5 33. dxe5 fxe5 34. Nd3
Qd6 35. a4 e4 36. Nf4 d4 37. exd4 Bxd4 38. Qd5+ Qxd5 39. Nxd5 Bc5 40. Ke2 Ke6
41. Ne3 Ke5 42. Nc2 g5 43. f3 h5 44. h3 h4 45. gxh4 gxh4 46. fxe4 Kxe4 47. Ne1
Kd4 48. Kd2 Ke4 49. a5 Be3+ 50. Ke2 Bc5 51. a6 Kd4 52. Kd2 Kd5 53. Kd3 Kc6 54.
Kc4 Kb6 55. Nd3 Be7 56. Nxb4 Bxb4 57. Kxb4 Kxa6 58. Kc5 Kb7 59. Kb5 Kb8 60. Kb6
Ka8 61. b4 1-0

[Event "C.to Provinciale TO"]
[Site "Torino ITA"]
[Date "2012.03.20"]
[Round "5"]
[White "Lizzari, Nicola"]
[Black "Quirico, Paolo"]
[WhiteElo "1844"]
[BlackElo "2159"]
[Result "0-1"]
[PlyCount "82"]
[EventDate "2012.02.21"]

1. d4 Nf6 2. c4 e5 3. dxe5 Ng4 4. Bf4 g5 5. Bg3 Bg7 6. Nf3 Nc6 7. Qd2 Ngxe5 8.
Nxe5 Nxe5 9. e3 d6 10. f4 gxf4 11. exf4 Nc6 12. Nc3 Qe7+ 13. Be2 Bg4 14. Nd5
Qxe2+ 15. Qxe2+ Bxe2 16. Nxc7+ Kd7 17. Nxa8 Bxc4 18. O-O-O Rxa8 19. f5 Ne5 20.
Rd2 Bh6 21. Bxe5 Bxd2+ 22. Kxd2 dxe5 23. b3 Bd5 24. Rg1 Rg8 25. g4 f6 26. h3 h5
27. Ke3 hxg4 28. hxg4 Rh8 29. g5 fxg5 30. Rxg5 Rh3+ 31. Kd2 Rh2+ 32. Kc3 Rxa2
33. Kb4 b6 34. Rg7+ Kd6 35. Rh7 e4 36. f6 Ke6 37. Rh6 Rf2 38. f7+ Kxf7 39. Rh7+
Ke6 40. Rxa7 Rf3 41. Ra3 Rxb3+ 0-1

[Event "C.to Provinciale TO"]
[Site "Torino ITA"]
[Date "2012.03.20"]
[Round "5"]
[White "Paoli, Mario"]
[Black "Finocchiaro, Gianluca"]
[WhiteElo "1812"]
[BlackElo "2082"]
[Result "0-1"]
[PlyCount "95"]
[EventDate "2012.02.21"]

1. d4 Nf6 2. c4 c5 3. d5 b5 4. e3 Bb7 5. Nc3 bxc4 6. Bxc4 g6 7. Nge2 Bg7 8. O-O
O-O 9. e4 d6 10. Nf4 Nbd7 11. Nd3 Nb6 12. Qb3 Qc8 13. Rd1 Nxc4 14. Qxc4 Ba6 15.
Qa4 Qb7 16. f3 Nd7 17. Qc2 Bd4+ 18. Kh1 Ne5 19. Nxe5 Bxe5 20. Rb1 Qc7 21. b3
Rab8 22. Bb2 c4 23. Ne2 Bxb2 24. Rxb2 Rfc8 25. Rc1 Qa5 26. Qc3 Qxc3 27. Nxc3
cxb3 28. Rxb3 Rxb3 29. axb3 Rb8 30. Rb1 Bd3 31. Rb2 Rc8 32. Na2 a5 33. h3 Kf8
34. Kh2 Ke8 35. Kg3 Rc2 36. Rxc2 Bxc2 37. Nc1 Kd8 38. Kf2 Kc7 39. Ke3 f5 40. g3
fxe4 41. fxe4 Kb6 42. Kd4 Kb5 43. e5 Kb4 44. exd6 exd6 45. Ne2 Kxb3 46. Nc3 a4
47. Nb5 a3 48. Nxa3 0-1

[Event "C.to Provinciale TO"]
[Site "Torino ITA"]
[Date "2012.03.20"]
[Round "5"]
[White "Parisi, Gianmario"]
[Black "Fassero, Fabrizio"]
[WhiteElo "1768"]
[BlackElo "1724"]
[Result "1-0"]
[PlyCount "31"]
[EventDate "2012.02.21"]

1. e4 e6 2. d4 d5 3. Nc3 Nf6 4. Bg5 dxe4 5. Nxe4 Be7 6. Bxf6 Bxf6 7. Nf3 O-O 8.
Bc4 Nd7 9. O-O Be7 10. Qe2 Nf6 11. Rad1 Nd5 12. Rfe1 Bd7 13. Ne5 b6 14. Ng3 c5
15. Bxd5 exd5 16. Nxd7 1-0

[Event "C.to Provinciale TO"]
[Site "Torino ITA"]
[Date "2012.03.20"]
[Round "5"]
[White "Ravazzolo, Gildo"]
[Black "Gastaldi, Franco"]
[WhiteElo "1702"]
[BlackElo "1566"]
[Result "1-0"]
[PlyCount "53"]
[EventDate "2012.02.21"]

1. Nf3 d5 2. d4 Nf6 3. Bf4 e6 4. e3 Bd6 5. Ne5 a6 6. Nd2 c5 7. dxc5 Bxc5 8. Nb3
Bd6 9. Be2 Nbd7 10. Nxf7 Bb4+ 11. c3 Bxc3+ 12. bxc3 Kxf7 13. O-O b5 14. Bg5 h6
15. Bh4 g5 16. Bg3 Ne4 17. Bh5+ Kg7 18. Qc2 Ndf6 19. Be5 Kf8 20. f3 Nd6 21. Qg6
Nxh5 22. Bxh8 Qe8 23. Qxh6+ Ke7 24. Qxg5+ Kd7 25. Bd4 Nf5 26. g4 Nxd4 27. Nxd4
1-0

[Event "C.to Provinciale TO"]
[Site "Torino ITA"]
[Date "2012.03.20"]
[Round "5"]
[White "Riccardi, Mauro"]
[Black "Ravazzolo, Gaia"]
[WhiteElo "1872"]
[BlackElo "1707"]
[Result "1-0"]
[PlyCount "47"]
[EventDate "2012.02.21"]

1. d4 d5 2. c4 c6 3. Nf3 Nf6 4. Nc3 dxc4 5. a4 Bf5 6. Ne5 Nbd7 7. Nxc4 Qc7 8.
g3 e5 9. dxe5 Nxe5 10. Bf4 Nfd7 11. Bg2 g5 12. Ne3 gxf4 13. Nxf5 O-O-O 14. O-O
Nc5 15. Qc2 Ng6 16. b4 Ne6 17. b5 c5 18. Nd5 Qe5 19. Rad1 h5 20. a5 fxg3 21.
fxg3 Qb8 22. a6 b6 23. Nb4 Qc7 24. Bb7+ 1-0

[Event "C.to Provinciale TO"]
[Site "Torino ITA"]
[Date "2012.03.20"]
[Round "5"]
[White "Vittoria, Giuseppe"]
[Black "Fassio, Francesco"]
[WhiteElo "1620"]
[BlackElo "1623"]
[Result "1-0"]
[PlyCount "47"]
[EventDate "2012.02.21"]

1. d4 d5 2. Bf4 Nf6 3. e3 c6 4. Nf3 Bg4 5. h3 Bh5 6. Be2 e6 7. O-O Bd6 8. Ne5
Bxe2 9. Qxe2 O-O 10. Nd2 Qe7 11. c4 c5 12. cxd5 Nxd5 13. Bg3 cxd4 14. exd4 Nd7
15. f4 Rac8 16. Rac1 N7f6 17. Bh4 Qe8 18. Qf3 Qa4 19. Nec4 Be7 20. a3 Rc7 21.
b3 Qb5 22. a4 Qb6 23. Nxb6 Rxc1 24. Nxd5 1-0

[Event "C.to Provinciale TO"]
[Site "Torino ITA"]
[Date "2012.03.20"]
[Round "5"]
[White "Yao, Stefano"]
[Black "Boetto, Massimo"]
[WhiteElo "1769"]
[BlackElo "1977"]
[Result "1-0"]
[PlyCount "57"]
[EventDate "2012.02.21"]

1. d4 Nf6 2. Nf3 g6 3. c4 Bg7 4. g3 O-O 5. Bg2 d6 6. O-O Nbd7 7. Nc3 c6 8. e4
e5 9. h3 Qb6 10. c5 dxc5 11. dxe5 Ne8 12. e6 fxe6 13. Ng5 Nc7 14. f4 c4+ 15.
Kh2 Nc5 16. Be3 N7a6 17. e5 Qc7 18. Qg4 Qe7 19. Nce4 h6 20. Nxc5 Nxc5 21. Ne4
Nxe4 22. Bxe4 g5 23. fxg5 Bxe5 24. gxh6+ Kh8 25. Rxf8+ Qxf8 26. Rd1 Bc7 27. Qg6
Qg8 28. Bd4+ e5 29. Qf6+ 1-0

[Event "C.to Provinciale TO"]
[Site "Torino ITA"]
[Date "2012.03.20"]
[Round "5"]
[White "Zanella, Wainer"]
[Black "Iacomussi, Mario"]
[WhiteElo "1629"]
[BlackElo "1729"]
[Result "1-0"]
[PlyCount "57"]
[EventDate "2012.02.21"]

1. Nf3 f5 2. b4 e6 3. Bb2 Nf6 4. a3 Be7 5. e3 c6 6. c4 d5 7. Nc3 O-O 8. d4 Nbd7
9. Rc1 Ne4 10. cxd5 exd5 11. b5 Qe8 12. Ne5 Nxe5 13. dxe5 Be6 14. Bd3 Rd8 15.
Ne2 c5 16. Nf4 Bc8 17. O-O c4 18. Bxe4 dxe4 19. Qa4 a6 20. Qxc4+ Kh8 21. bxa6
bxa6 22. Ne6 Bxe6 23. Qxe6 Rd2 24. Rc7 Rxb2 25. Rxe7 Qd8 26. Rd7 Qe8 27. Qd6
Rb5 28. Rd1 Rb8 29. e6 1-0

[Event "C.to Provinciale TO"]
[Site "Torino ITA"]
[Date "2012.03.27"]
[Round "6"]
[White "Boetto, Massimo"]
[Black "Gussone, Claudio"]
[WhiteElo "1977"]
[BlackElo "1744"]
[Result "0-1"]
[PlyCount "80"]
[EventDate "2012.02.21"]

1. e4 e5 2. Nf3 Nc6 3. Bb5 f5 4. d3 fxe4 5. dxe4 Nf6 6. Bxc6 bxc6 7. O-O d6 8.
Qd3 Bg4 9. Nc3 Qd7 10. h3 Bxf3 11. Qxf3 Be7 12. Bg5 O-O 13. Qd3 Kh8 14. Rad1
Nh5 15. Bc1 Nf4 16. Bxf4 Rxf4 17. Ne2 Rf7 18. c4 Raf8 19. c5 Qe6 20. cxd6 Bxd6
21. b3 Bc5 22. Qc3 Bxf2+ 23. Kh2 c5 24. Rd5 Bd4 25. Rxf7 Qxf7 26. Nxd4 cxd4 27.
Qg3 c6 28. Rxe5 Rd8 29. Rf5 Qe7 30. Qd3 Qa3 31. e5 g6 32. Rg5 Qxa2 33. Qf3 Kg7
34. e6 Rf8 35. Qxc6 Qxb3 36. e7 Qb8+ 37. Rg3 Re8 38. Qe6 Qc7 39. h4 a5 40. h5
Rxe7 0-1

[Event "C.to Provinciale TO"]
[Site "Torino ITA"]
[Date "2012.03.27"]
[Round "6"]
[White "Bosetti, Roberto"]
[Black "Vittoria, Giuseppe"]
[WhiteElo "1874"]
[BlackElo "1620"]
[Result "1-0"]
[PlyCount "95"]
[EventDate "2012.02.21"]

1. d4 Nf6 2. c4 d6 3. Nc3 Bf5 4. Nf3 h6 5. e3 Nbd7 6. Be2 e6 7. O-O Be7 8. Nd2
e5 9. Bf3 Rb8 10. Nde4 O-O 11. Re1 a6 12. b4 Re8 13. a3 Bf8 14. d5 b5 15. Nxf6+
Qxf6 16. e4 Bg6 17. cxb5 axb5 18. Qd3 Nb6 19. Qxb5 Qe7 20. Qd3 Ra8 21. a4 Reb8
22. Bd2 Qd8 23. Rec1 Be7 24. a5 Nd7 25. Nb5 Rc8 26. g3 h5 27. Be3 Bg5 28. Bxg5
Qxg5 29. h4 Qe7 30. Rxc7 Rxc7 31. Nxc7 Rb8 32. Nb5 Qd8 33. Rc1 Nf6 34. Na7 Qd7
35. Nc6 Rc8 36. Ne7+ Qxe7 37. Rxc8+ Kh7 38. b5 Qa7 39. a6 Qb6 40. Rc6 Qa5 41.
Rc1 Qa4 42. Qc4 Qa3 43. Kg2 Bxe4 44. Bxe4+ Nxe4 45. Qxe4+ g6 46. Rc7 Kg7 47.
Qf3 Qxf3+ 48. Kxf3 1-0

[Event "C.to Provinciale TO"]
[Site "Torino ITA"]
[Date "2012.03.27"]
[Round "6"]
[White "Di Chiara, Mauro"]
[Black "Parisi, Gianmario"]
[WhiteElo "2008"]
[BlackElo "1768"]
[Result "1-0"]
[PlyCount "59"]
[EventDate "2012.02.21"]

1. d4 e6 2. Nf3 f5 3. c4 Nf6 4. Nc3 Be7 5. g3 O-O 6. Bg2 d6 7. O-O Qe8 8. Qc2
a5 9. e4 fxe4 10. Nxe4 Nc6 11. Re1 Qh5 12. Nxf6+ Bxf6 13. Be3 e5 14. dxe5 Nxe5
15. Nxe5 Bxe5 16. Qb3 Kh8 17. Qb5 c6 18. Qb6 Qf7 19. f4 Bf6 20. Rad1 Bg4 21.
Rxd6 Ra6 22. Qb3 a4 23. Qc2 Be7 24. c5 Bxd6 25. cxd6 Qd7 26. Bc5 Re8 27. Re7
Rxe7 28. dxe7 b6 29. Qd3 bxc5 30. Qxa6 1-0

[Event "C.to Provinciale TO"]
[Site "Torino ITA"]
[Date "2012.03.27"]
[Round "6"]
[White "Fassero, Fabrizio"]
[Black "Blundo, Michele"]
[WhiteElo "1724"]
[BlackElo "1685"]
[Result "0-1"]
[PlyCount "102"]
[EventDate "2012.02.21"]

1. Nf3 d5 2. c4 c6 3. b3 Nf6 4. g3 g6 5. Bb2 Bg7 6. Bg2 O-O 7. O-O Nbd7 8. Qc2
dxc4 9. bxc4 Re8 10. d3 e5 11. Nfd2 Nc5 12. Nc3 Be6 13. Rab1 Qd7 14. Nb3 Nxb3
15. axb3 Bh3 16. Na4 Bxg2 17. Kxg2 Qe7 18. f3 Nd7 19. Ra1 b5 20. Nc3 a6 21. Ra5
b4 22. Ne4 f5 23. Nf2 c5 24. Rfa1 Qd6 25. h3 Bh6 26. g4 Be3 27. Bc1 Bd4 28. Bb2
Nf6 29. Qd2 e4 30. Bxd4 Qxd4 31. fxe4 fxe4 32. e3 Qd6 33. d4 Red8 34. d5 Re8
35. Nh1 Re5 36. Qb2 Nxd5 37. cxd5 Rxd5 38. Nf2 Rd2 39. Qc1 Rf8 40. Qc4+ Rf7 41.
Rf1 Qf6 42. Rxa6 Qf3+ 43. Kg1 Rxf2 44. Rxf2 Qxf2+ 45. Kh1 Qxe3 46. Ra7 Qxh3+
47. Kg1 Qxg4+ 48. Kh2 Qf5 49. Re7 Kg7 50. Rxe4 Qf2+ 51. Kh3 Rf3+ 0-1

[Event "C.to Provinciale TO"]
[Site "Torino ITA"]
[Date "2012.03.27"]
[Round "6"]
[White "Fassio, Francesco"]
[Black "Barbonese, Roberto"]
[WhiteElo "1623"]
[BlackElo "1302"]
[Result "1-0"]
[PlyCount "71"]
[EventDate "2012.02.21"]

1. c4 e5 2. Nc3 b6 3. Nf3 Nc6 4. g3 Nf6 5. Bg2 Rb8 6. O-O Bb7 7. d3 Bc5 8. Na4
Be7 9. a3 h6 10. Nc3 O-O 11. b4 d6 12. Bd2 Nd4 13. e3 Ne6 14. Qc2 Re8 15. d4
exd4 16. Nxd4 Bxg2 17. Nxe6 fxe6 18. Kxg2 d5 19. cxd5 exd5 20. Rad1 Rf8 21. Qg6
Qd7 22. h3 Nh7 23. e4 Rf6 24. Qh5 dxe4 25. Qe2 Rbf8 26. Be3 Qc6 27. Rc1 Rxf2+
28. Bxf2 Rxf2+ 29. Kxf2 Qf6+ 30. Kg1 Ng5 31. Nxe4 Qe5 32. Qc4+ Kh7 33. Nxg5+
Bxg5 34. Qd3+ Kh8 35. Rce1 Qd6 36. Re8+ 1-0

[Event "C.to Provinciale TO"]
[Site "Torino ITA"]
[Date "2012.03.27"]
[Round "6"]
[White "Finocchiaro, Gianluca"]
[Black "Riccardi, Mauro"]
[WhiteElo "2082"]
[BlackElo "1872"]
[Result "1-0"]
[PlyCount "105"]
[EventDate "2012.02.21"]

1. d4 Nf6 2. Nf3 d5 3. c4 g6 4. Nc3 Bg7 5. Bf4 O-O 6. e3 c5 7. dxc5 Qa5 8. Be2
Ne4 9. O-O Nxc3 10. bxc3 dxc4 11. Bxc4 Bg4 12. h3 Bxf3 13. Qxf3 Nc6 14. Rab1
Qxc5 15. Qd5 Qxd5 16. Bxd5 e5 17. Rxb7 exf4 18. Bxc6 Rac8 19. Bd5 a5 20. c4 Be5
21. Re1 Rb8 22. Reb1 Kg7 23. exf4 Bxf4 24. g3 Be5 25. Kg2 g5 26. a4 Rxb7 27.
Rxb7 Kg6 28. g4 h6 29. Kf3 Bc3 30. Kg2 f5 31. gxf5+ Kxf5 32. Rb3 Be5 33. c5 Rc8
34. c6 Rc7 35. Rb5 Bc3 36. Rb8 Ke5 37. Bf3 Kd6 38. Rd8+ Kc5 39. Rd5+ Kb4 40.
Rd6 Kxa4 41. Rxh6 Kb4 42. h4 Bd2 43. Rd6 Bf4 44. Rd4+ Kb3 45. Bd5+ Ka3 46. hxg5
Bxg5 47. f4 Bf6 48. Re4 a4 49. Re8 Kb2 50. Rb8+ Kc3 51. Rb7 Rc8 52. c7 a3 53.
Be6 1-0

[Event "C.to Provinciale TO"]
[Site "Torino ITA"]
[Date "2012.03.27"]
[Round "6"]
[White "Iacomussi, Mario"]
[Black "Zanatta, Aldo"]
[WhiteElo "1729"]
[BlackElo "1650"]
[Result "1-0"]
[PlyCount "75"]
[EventDate "2012.02.21"]

1. d4 d5 2. c4 c6 3. Nc3 Nf6 4. cxd5 cxd5 5. Nf3 e6 6. Bg5 Be7 7. e3 O-O 8. Bd3
Nc6 9. Rc1 Bd7 10. Bb1 Rc8 11. a3 Ne4 12. Bxe7 Nxc3 13. Rxc3 Nxe7 14. Qd3 Ng6
15. h4 Re8 16. h5 Nf8 17. Rxc8 Bxc8 18. b4 Qf6 19. Ne5 Qf5 20. Qd1 Qg5 21. g4
Qe7 22. f4 f6 23. Nf3 Bd7 24. g5 Bb5 25. gxf6 Qxf6 26. Ne5 Nd7 27. a4 Bc4 28.
Nxd7 Qe7 29. Nc5 b6 30. Qc2 bxc5 31. Qxh7+ Kf8 32. bxc5 Qf6 33. h6 Re7 34. Qh8+
Kf7 35. h7 Rb7 36. Qg8+ Ke7 37. Kd2 Rb2+ 38. Kc3 1-0

[Event "C.to Provinciale TO"]
[Site "Torino ITA"]
[Date "2012.03.27"]
[Round "6"]
[White "Malano, Francesco"]
[Black "Yao, Stefano"]
[WhiteElo "1952"]
[BlackElo "1769"]
[Result "1-0"]
[PlyCount "55"]
[EventDate "2012.02.21"]

1. e4 c5 2. f4 d5 3. exd5 Nf6 4. Bb5+ Bd7 5. Bxd7+ Qxd7 6. c4 e6 7. Qe2 Bd6 8.
dxe6 Qxe6 9. Qxe6+ fxe6 10. d3 Nc6 11. Nf3 O-O-O 12. O-O e5 13. Nc3 exf4 14.
Ng5 Rhe8 15. Nf7 Rd7 16. Nxd6+ Rxd6 17. Bxf4 Rxd3 18. Rad1 Red8 19. Rxd3 Rxd3
20. Bg5 Nd7 21. Nd5 Nce5 22. b3 h6 23. Bc1 Kd8 24. h3 Ke8 25. Bb2 Kd8 26. Re1
Ng6 27. Bxg7 Rd2 28. Bxh6 1-0

[Event "C.to Provinciale TO"]
[Site "Torino ITA"]
[Date "2012.03.27"]
[Round "6"]
[White "Manni, Stefano"]
[Black "Castaldo, Folco"]
[WhiteElo "2034"]
[BlackElo "2417"]
[Result "0-1"]
[PlyCount "24"]
[EventDate "2012.02.21"]

1. e4 c5 2. c3 Nf6 3. e5 Nd5 4. Nf3 e6 5. d4 cxd4 6. Qxd4 Nc6 7. Qe4 f5 8. exf6
Nxf6 9. Qh4 e5 10. Bb5 e4 11. Nd4 Nxd4 12. cxd4 Qa5+ 0-1

[Event "C.to Provinciale TO"]
[Site "Torino ITA"]
[Date "2012.03.27"]
[Round "6"]
[White "Marvin, Elio"]
[Black "Gastaldi, Franco"]
[WhiteElo "1688"]
[BlackElo "1566"]
[Result "1/2-1/2"]
[PlyCount "121"]
[EventDate "2012.02.21"]

1. e4 d5 2. Nc3 d4 3. Nce2 e5 4. d3 Nf6 5. Nf3 Nc6 6. h3 h6 7. g3 Be6 8. Bg2
Bd6 9. a3 Ne7 10. Nexd4 exd4 11. e5 Bxe5 12. Nxe5 Bd5 13. O-O Bxg2 14. Kxg2
Qd5+ 15. Nf3 O-O-O 16. Kh2 g5 17. Ng1 Rdg8 18. c4 dxc3 19. bxc3 h5 20. f3 h4
21. g4 Ng6 22. c4 Qe5+ 23. f4 Qxa1 24. fxg5 Qe5+ 25. Kh1 Nh7 26. Qd2 Qe6 27.
Bb2 Qc6+ 28. Kh2 Qd6+ 29. Kh1 Ne5 30. Qa5 Nc6 31. Qf5+ Qe6 32. Bxh8 Qxf5 33.
Rxf5 Rxh8 34. Nf3 Nd8 35. Kg2 Kd7 36. d4 Re8 37. Kf2 Ke7 38. d5 c6 39. Nxh4
cxd5 40. cxd5 Kd6 41. Nf3 b5 42. h4 a5 43. h5 Rg8 44. Ke3 b4 45. axb4 axb4 46.
Kd4 Re8 47. g6 fxg6 48. hxg6 Nf8 49. g7 Nd7 50. Ng5 Rg8 51. Ne4+ Ke7 52. d6+
Ke8 53. Rb5 Rxg7 54. g5 b3 55. Kc3 Ne6 56. Nf6+ Nxf6 57. gxf6 Rf7 58. Rb8+ Nd8
59. Kxb3 Rxf6 60. Kc4 Rxd6 61. Kc5 1/2-1/2

[Event "C.to Provinciale TO"]
[Site "Torino ITA"]
[Date "2012.03.27"]
[Round "6"]
[White "Quirico, Paolo"]
[Black "Baruffa, Marino"]
[WhiteElo "2159"]
[BlackElo "1918"]
[Result "1-0"]
[PlyCount "95"]
[EventDate "2012.02.21"]

1. d4 Nf6 2. Nf3 g6 3. Bf4 Bg7 4. e3 O-O 5. Be2 d6 6. c4 c5 7. Nc3 cxd4 8. exd4
Bg4 9. O-O Nbd7 10. h3 Bxf3 11. Bxf3 Qc8 12. b3 e5 13. Bh2 Re8 14. Nb5 Bf8 15.
dxe5 dxe5 16. Nd6 Bxd6 17. Qxd6 Re6 18. Qd2 e4 19. Be2 Qc5 20. Rad1 Ne5 21. Qd4
Qxd4 22. Rxd4 Nc6 23. Rd2 Rd8 24. Rfd1 Ree8 25. Bf4 Rxd2 26. Rxd2 Rd8 27. Rxd8+
Nxd8 28. f3 Ne6 29. Be3 b6 30. Kf2 Kg7 31. a3 Kf8 32. b4 Ke7 33. Bd1 Kd6 34.
Bd2 exf3 35. Bxf3 Nd7 36. Bc3 Ne5 37. Bd5 f6 38. Ke3 Nc7 39. Bg8 h6 40. g4 Ne6
41. Bxe5+ Kxe5 42. Bxe6 Kxe6 43. Ke4 Kd6 44. h4 a5 45. h5 f5+ 46. gxf5 axb4 47.
c5+ bxc5 48. axb4 1-0

[Event "C.to Provinciale TO"]
[Site "Torino ITA"]
[Date "2012.03.27"]
[Round "6"]
[White "Ravazzolo, Gildo"]
[Black "Paoli, Mario"]
[WhiteElo "1702"]
[BlackElo "1812"]
[Result "1-0"]
[PlyCount "68"]
[EventDate "2012.02.21"]

1. c4 c5 2. Nc3 Nc6 3. Nf3 g6 4. d4 cxd4 5. Nxd4 Bg7 6. Nb3 d6 7. e4 Nf6 8. Be2
O-O 9. Be3 Ne5 10. h3 b6 11. Qc2 Bb7 12. f4 Nc6 13. a3 Rc8 14. Rd1 e5 15. fxe5
Nxe5 16. c5 d5 17. exd5 Nxd5 18. Nxd5 Bxd5 19. O-O Bxb3 20. Qxb3 Qc7 21. Ba6
Rb8 22. cxb6 axb6 23. Rc1 Qd6 24. Rc2 Nd7 25. Bc4 Ne5 26. Be2 h5 27. Rfc1 Kh7
28. Rd1 Qe7 29. Bd2 Rfd8 30. Qe3 Qb7 31. Rdc1 Re8 32. Rc7 Qd5 33. Qg5 Qd6 34.
Bf4 f6 1-0

[Event "C.to Provinciale TO"]
[Site "Torino ITA"]
[Date "2012.03.27"]
[Round "6"]
[White "Tondo, Stefano"]
[Black "Benenati, Gianfranco"]
[WhiteElo "1752"]
[BlackElo "1847"]
[Result "0-1"]
[PlyCount "70"]
[EventDate "2012.02.21"]

1. e4 c5 2. Nf3 Nc6 3. Bb5 g6 4. c3 Bg7 5. O-O e5 6. Re1 Nge7 7. Na3 O-O 8. Nc2
d6 9. d4 cxd4 10. cxd4 Bg4 11. d5 Nb8 12. Ne3 Bxf3 13. gxf3 f5 14. a4 Nd7 15.
a5 a6 16. Bf1 Rc8 17. b4 fxe4 18. fxe4 Nf6 19. Nc4 Nh5 20. Nb6 Rc7 21. Bh3 Nf4
22. Bxf4 Rxf4 23. Be6+ Kh8 24. Rc1 Bh6 25. Rc2 Ng8 26. Ree2 Rf8 27. Rxc7 Qxc7
28. Rc2 Qe7 29. Rc3 Bf4 30. Rh3 Nf6 31. Qc2 Nh5 32. Nd7 Rd8 33. Qc7 Bg5 34. Rc3
Bd2 35. Qxd8+ Qxd8 0-1